States That Beat Oregon - Statistics

General Stats
  • This quiz has been taken 160 times
    143 since last reset
  • The average score is 10 of 12
Answer Stats
Rank Category Answer % Correct
10 Largest by Land Area Alaska | Texas | California | Montana | New Mexico | Arizona | Nevada | Colorado | Wyoming
99%
9 Most Rectangular Colorado | Wyoming | Kansas | North Dakota | New Mexico | Pennsylvania | South Dakota | Utah
97%
6 Highest Median Home Price Hawaii | California | Massachusetts | Washington | Colorado
96%
4 Largest Unsheltered Homeless Population California | Florida | Texas
93%
6 Oldest National Park Wyoming | Montana | Idaho | California | Washington
93%
8 Fewest Counties West of the Mississippi River Hawaii | Arizona | Nevada | Wyoming | Alaska | Utah | New Mexico
87%
8 Lowest % Religious Vermont | New Hampshire | Maine | Massachusetts | Washington | Connecticut | Montana
86%
3 Westernmost State Capital Hawaii | Alaska
85%
9 Highest % Born Out of State Nevada | Florida | Arizona | New Hampshire | Alaska | Colorado | Wyoming | Delaware
85%
6 Closest to Canada Without Bordering Ohio | Pennsylvania | Wisconsin | Indiana | West Virginia
84%
3 Fewest Tornadoes Per Square Mile Alaska | Nevada
71%
2 Costal State That Reaches Farthest Inland Texas
71%
No matching quizzes found
Score Distribution
Percent of People with Each Score
Percentile by Number Answered
Your Score History
You have not taken this quiz since the last reset